00518nam a2200181Ia 450000500170000000800410001702000180005804000180007604100080009408200210010210000200012324500490014325000120019226000590020430000250026365000260028865000220031420220616124513.0210716s2014 xx 000 0 und d a9789325975651 cAIMIT LIBRARY aeng a005.73 21bKHUR aKhurana, Rohit. aData structures using c /cBy Rohit Khurana. a1st ed. aNew Delhi :bVikas Publishing House Pvt Ltd ,c2014 . axii, 576p. ;c24 cm. asorting and searching aStacks and queues